| 000 | 00867nam a2200253 a 4500 | ||
|---|---|---|---|
| 001 | 000025517 | ||
| 003 | DO-SdBNP | ||
| 005 | 20260120073950.0 | ||
| 008 | 110217s1994 dr 000 0 spa d | ||
| 040 |
_aDO-SdBNP _bspa _cBNPHU |
||
| 082 | 4 |
_a171.2 _bC352t _222 |
|
| 100 | 1 |
_aCastillo, Luis Francisco _952168 |
|
| 245 | 1 | 0 |
_aTratado sobre la formación del individuo en los aspectos morales / _cLuis Francisco Castillo. |
| 260 |
_aSanto Domingo : _bFundación Escuela Conductista "La Honestidad", _c1994. |
||
| 300 |
_av. ; _c22 cm. |
||
| 500 | _aLa biblioteca posee el v.1 | ||
| 590 | _aInventariado, 2018/MFF | ||
| 650 | 7 |
_aConducta de vida _911947 _2LIBRUNAM |
|
| 650 | 7 |
_aConciencia (Moral) _952169 |
|
| 650 | 7 |
_aValores sociales _91087 _2LIBRUNAM |
|
| 650 | 0 |
_aVida espiritual _9268 |
|
| 910 | _aValidado. Control de la calidad EMS | ||
| 942 |
_2ddc _cLBS1 |
||
| 999 |
_c25009 _d25009 |
||